| 000 -ლიდერი |
| ფიქსირებული სიგრძის საკონტროლო ველი |
00694nam a2200265Ia 4500 |
| 001 - საკონტროლო ნომერი |
| საკონტროლო ველი |
16577 |
| 003 - საკონტროლო ნომრის იდენტიფიკატორი |
| საკონტროლო ველი |
GE_BSU |
| 005 - ბოლო ოპერაციის თარიღი და დრო |
| საკონტროლო ველი |
20250203162108.0 |
| 008 - ფიქსირებული სიგრძის მონაცემთა ელემენტები - ზოგადი ინფორმაცია |
| ფიქსირებული სიგრძის საკონტროლო ველი |
181216s2005||||ge |||||||||||||| ||eng|| |
| 020 ## - წიგნის საერთაშორისო სტანდარტული ნომერი |
| International Standard Book Number |
9781405815628 |
| 040 ## - კატალოგიზაციის წყარო |
| Transcribing agency |
GE_BSU |
| 041 ## - ენის კოდი |
| Language code of text/sound track or separate title |
eng |
| 080 ## - უნივერსალური ათობითი კლასიფიკაციის ინდექსი |
| Universal Decimal Classification number |
811.111(075.8) A-18 |
| 100 ## - მთავარი ჩანაწერი - პიროვნების სახელი |
| Personal name |
Acklam, Richard |
| 9 (RLIN) |
3176 |
| 245 ## - ცნობა სათაურის შესახებ |
| Title |
Total English : Pre-intermediate Students book (CD) / |
| Statement of responsibility, etc |
Richard Acklam, Crace Araminta. |
| 260 ## - გამოქვეყნების, გავრცელების, და სხვა. ცნობები |
| Place of publication, distribution, etc |
Edinburg |
| 260 ## - გამოქვეყნების, გავრცელების, და სხვა. ცნობები |
| Name of publisher, distributor, etc |
Pearson Longman |
| 260 ## - გამოქვეყნების, გავრცელების, და სხვა. ცნობები |
| Date of publication, distribution, etc |
2005 |
| 300 ## - ფიზიკური აღწერა |
| Extent |
159 p. ; |
| Dimensions |
30 cm. |
| 653 ## - INDEX TERM--UNCONTROLLED |
| Uncontrolled term |
Pre-Intermediate |
| 653 ## - INDEX TERM--UNCONTROLLED |
| Uncontrolled term |
Total English |
| 700 ## - ADDED ENTRY--PERSONAL NAME |
| Personal name |
Araminta, Crace |
| Relator term |
author |
| 9 (RLIN) |
24230 |
| 942 ## - ADDED ENTRY ELEMENTS (KOHA) |
| Koha item type |
წიგნი |
| Source of classification or shelving scheme |
|